[Event "SVK-ch U08 Girls"]
[Site "Tatralandia"]
[Date "2024.04.11"]
[Round "9"]
[White "Hrdlickova, Bibiana"]
[Black "Bartosova, Emma"]
[Result "0-1"]
[WhiteElo "1000"]
[BlackElo "1000"]
[PlyCount "80"]
[EventDate "2024.04.05"]
[EventType "swiss"]
[EventRounds "10"]
[EventCountry "SVK"]
[SourceTitle "CB16_2024"]
[SourceDate "2024.04.17"]
[SourceVersion "1"]
[SourceVersionDate "2024.04.17"]
[SourceQuality "1"]

1. e4 e5 2. Nf3 Nc6 3. Nc3 Nf6 4. Bb5 d6 5. d4 h6 6. d5 Bd7 7. dxc6 bxc6 8. Bc4 Bg4 9. 0-0 Be7 10. Be3 0-0 11. h3 Bh5 12. Re1 Rb8 13. Rb1 a5 14. Qd2 Bxf3 15. gxf3 Nh5 16. Kf1 Kh7 17. Ke2 Qd7 18. Qd3 Ra8 19. Rh1 a4 20. a3 Rfb8 21. Bxf7 Nf6 22. Qc4 c5 23. Nxa4 Rxa4 24. Qxa4 Qxa4 25. Bb3 Qb5+ 26. c4 Qxb3 27. Rhg1 Qxc4+ 28. Kd1 d5 29. exd5 Qxd5+ 30. Kc1 c4 31. Rd1 Qxf3 32. Kc2 Qe4+ 33. Kc1 Nd5 34. Re1 Qd3 35. Rd1 Qe4 36. Kd2 c5 37. Rh1 Qd3+ 38. Kc1 c3 39. Rg1 Nxe3 40. fxe3 Qd2# 0-1

[Event "SVK-ch U08 Girls"]
[Site "Tatralandia"]
[Date "2024.04.07"]
[Round "3"]
[White "Hrdlickova, Bibiana"]
[Black "Plancarova, Monika"]
[Result "0-1"]
[WhiteElo "1000"]
[BlackElo "1436"]
[PlyCount "50"]
[EventDate "2024.04.05"]
[EventType "swiss"]
[EventRounds "10"]
[EventCountry "SVK"]
[SourceTitle "CB16_2024"]
[SourceDate "2024.04.17"]
[SourceVersion "1"]
[SourceVersionDate "2024.04.17"]
[SourceQuality "1"]

1. e4 e5 2. Nf3 Nc6 3. Nc3 Nf6 4. Bb5 a6 5. Bxc6 dxc6 6. Nxe5 Qe7 7. d4 c5 8. Bf4 Be6 9. 0-0 0-0-0 10. Be3 h5 11. a4 Ng4 12. Ra3 Nxe5 13. Qe2 cxd4 14. Bf4 Bc4 15. Qe1 dxc3 16. Rxc3 Bxf1 17. Qxf1 Qd6 18. h3 Qf6 19. Bxe5 Qxe5 20. Re3 Bc5 21. Re2 Rd7 22. Qe1 Rhd8 23. g3 Rd1 24. Qxd1 Rxd1+ 25. Kg2 h4 0-1

[Event "SVK-ch U08 Girls"]
[Site "Dudince"]
[Date "2023.04.18"]
[Round "4"]
[White "Stricova, Viktoria Lea"]
[Black "Hrdlickova, Bibiana"]
[Result "1-0"]
[WhiteElo "1106"]
[BlackElo "1000"]
[PlyCount "63"]
[EventDate "2023.04.16"]
[EventType "swiss"]
[EventRounds "9"]
[EventCountry "SVK"]
[SourceTitle "CBM 213 Extra"]
[Source "ChessBase"]
[SourceDate "2023.05.31"]
[SourceVersion "1"]
[SourceVersionDate "2023.05.31"]
[SourceQuality "1"]

1. e4 e5 2. Nf3 Nf6 3. Nc3 Nc6 4. Bb5 Bb4 5. 0-0 0-0 6. d3 d6 7. Bg5 Bg4 8. Bxf6 Qxf6 9. Nd5 Qd8 10. Nxb4 Nd4 11. Bc4 Qf6 12. Nd5 Qd8 13. c3 Qd7 14. cxd4 exd4 15. h3 c6 16. Nf4 Be6 17. Nxd4 Bxc4 18. dxc4 d5 19. cxd5 cxd5 20. exd5 Rfe8 21. Qf3 Re7 22. Qg3 g6 23. Nh5 Rae8 24. Nf6+ Kf8 25. Nxd7+ Rxd7 26. Qg5 Red8 27. Rae1 Rxd5 28. Qh6+ Kg8 29. Nf3 Rc8 30. Re4 Rdc5 31. Ng5 Rc2 32. Qxh7+ 1-0

[Event "SVK-ch U08 Girls"]
[Site "Dudince"]
[Date "2023.04.17"]
[Round "3"]
[White "Csokasova, Lucia"]
[Black "Hrdlickova, Bibiana"]
[Result "0-1"]
[WhiteElo "1000"]
[BlackElo "1000"]
[PlyCount "48"]
[EventDate "2023.04.16"]
[EventType "swiss"]
[EventRounds "9"]
[EventCountry "SVK"]
[SourceTitle "CBM 213 Extra"]
[Source "ChessBase"]
[SourceDate "2023.05.31"]
[SourceVersion "1"]
[SourceVersionDate "2023.05.31"]
[SourceQuality "1"]

1. d3 d5 2. e3 e5 3. g3 Nf6 4. Bg2 Nc6 5. Nd2 Bb4 6. c3 Bg4 7. Qc2 Bc5 8. Ne2 Bxe2 9. Kxe2 0-0 10. Kf1 Ng4 11. d4 exd4 12. exd4 Bb6 13. h3 Nh6 14. c4 Qe7 15. c5 Ba5 16. b4 Nxb4 17. Rb1 Nxc2 18. h4 Rfe8 19. Kg1 Qe2 20. Kh2 Bxd2 21. Bxd2 Qxd2 22. Rxb7 Qxf2 23. Kh3 Ne3 24. Rf1 Qxg2# 0-1